000 01027nam a22002891 4500
001 34244
003 BD-RjUL
005 20211209052127.0
008 140514s1968 pk a b 000 0 eng
035 _a(BD-RjUL)34338
040 _aDLC
_cDLC
_dBD-RjUL
_beng
041 _aeng
082 0 0 _a363.96
_bBEP 1968
100 1 _aBean, Lee L.
_990421
245 1 0 _aPopulation projections for Pakistan 1960-2000 /
_cLee L. Ban, Masihur Rahman Khan [and] A. Razzaque Rukanuddin.
260 _aKarachi :
_bPakistan Institute of development Economics ;
_c1968.
300 _a93 p. :
_billus. ;
_c22 cm.
490 1 _aMonographs in the economics of development. no. 17
504 _aIncludes bibliographies.
650 0 _aPopulation forecasting
_zPakistan.
_9104081
651 0 _aPakistan
_xPopulation.
_9104082
700 1 _aKhan, Masihur Rahman,
_ejoint author.
_9104083
700 1 _aRukanuddin, Abdul Razzaque,
_ejoint author.
_9104084
942 _2ddc
_cBK
999 _c34244
_d34244